000
00205 a2200097 4500
001
45955
100
_a
Adamson J
245
_a
Born free
260
_a
London
_b
Collins & Harvill
_c
090
_c
29072
_d
29072
942
_a
NUST-CAE
_c
M
_c
21194
999
_c
281028
_d
281028